[Event "Rivera Huila Hernandez Memorial-B"]
[Site "Rivera Huila"]
[Date "2023.07.21"]
[Round "2"]
[White "Gonzalez Ballen, Miguel Eduardo"]
[Black "Galeano Garcia, Juan Diego"]
[Result "1-0"]
[WhiteElo "1850"]
[BlackElo "1521"]
[PlyCount "77"]
[EventDate "2023.07.20"]
[EventType "swiss"]
[EventRounds "7"]
[EventCountry "COL"]
[SourceTitle "CBM 215 Extra"]
[Source "ChessBase"]
[SourceDate "2023.09.30"]
[SourceVersion "1"]
[SourceVersionDate "2023.09.30"]
[SourceQuality "1"]

1. e4 e5 2. Nf3 Nc6 3. Bb5 a6 4. Bxc6 dxc6 5. d4 exd4 6. Nxd4 c5 7. Nb3 Qxd1+ 8. Kxd1 Be6 9. Nc3 0-0-0+ 10. Ke1 c4 11. Nd2 Bb4 12. Ne2 Ne7 13. c3 Bd6 14. Nd4 Bf4 15. Nxe6 Bxd2+ 16. Bxd2 fxe6 17. Bg5 Rd7 18. Bxe7 Rxe7 19. Rd1 Rd7 20. Rxd7 Kxd7 21. Ke2 e5 22. h4 Rf8 23. g3 Rf6 24. Rd1+ Ke7 25. Ke3 Rd6 26. Rd5 Rxd5 27. exd5 Kd6 28. Ke4 g6 29. f4 exf4 30. gxf4 b5 31. Kd4 c5+ 32. dxc6 Kxc6 33. Ke5 Kc5 34. h5 a5 35. hxg6 hxg6 36. Kf6 Kd6 37. Kxg6 Ke7 38. f5 Kf8 39. Kf6 1-0

[Event "Zipaquira U17 op"]
[Site "Zipaquira"]
[Date "2018.09.07"]
[Round "2"]
[White "Galeano Garcia, Juan Diego"]
[Black "Campos Perilla, Angie Catalina"]
[Result "0-1"]
[WhiteElo "1545"]
[BlackElo "1244"]
[PlyCount "72"]
[EventDate "2018.09.07"]
[EventType "swiss"]
[EventRounds "5"]
[EventCountry "COL"]
[SourceTitle "CBM 186 Extra"]
[Source "ChessBase"]
[SourceDate "2018.08.24"]
[SourceVersion "1"]
[SourceVersionDate "2018.08.24"]
[SourceQuality "1"]

1. e4 e5 2. Nf3 Nc6 3. d4 exd4 4. Nxd4 Bc5 5. Be3 Qf6 6. c3 Nge7 7. Bc4 0-0 8. b4 Bb6 9. a4 a5 10. b5 Ne5 11. Be2 d5 12. Nd2 Rd8 13. 0-0 c5 14. bxc6 bxc6 15. Qc2 c5 16. Nb5 Bb7 17. f4 Nc4 18. Nxc4 dxc4 19. Rad1 Qh4 20. Bxc4 Ng6 21. Qf2 Bxe4 22. Qxh4 Nxh4 23. g3 Nf5 24. Bc1 Bc2 25. Rd5 Rxd5 26. Bxd5 Rd8 27. Re1 h6 28. Re5 c4+ 29. Kg2 Ne3+ 30. Bxe3 Bxe3 31. Bxc4 Rd2+ 32. Kh3 Bg1 33. Na3 Rxh2+ 34. Kg4 Bd1+ 35. Kf5 Bxa4 36. Rxa5 Rh5+ 0-1

[Event "Bogota AlphaZero op"]
[Site "Bogota"]
[Date "2018.08.17"]
[Round "1"]
[White "Rangel, Carlos"]
[Black "Galeano Garcia, Juan Diego"]
[Result "1-0"]
[WhiteElo "1990"]
[BlackElo "1545"]
[PlyCount "39"]
[EventDate "2018.08.17"]
[EventType "swiss"]
[EventRounds "7"]
[EventCountry "COL"]
[SourceTitle "CBM 186 Extra"]
[Source "ChessBase"]
[SourceDate "2018.08.24"]
[SourceVersion "1"]
[SourceVersionDate "2018.08.24"]
[SourceQuality "1"]

1. e4 c5 2. Nf3 e6 3. d3 d5 4. Nbd2 Nc6 5. g3 Bd6 6. Bg2 Nf6 7. 0-0 0-0 8. Re1 e5 9. exd5 Nxd5 10. Nc4 Re8 11. Bg5 Qc7 12. Nfxe5 b5 13. Nxc6 Qxc6 14. Rxe8+ Qxe8 15. Bxd5 Rb8 16. Nxd6 Qe5 17. Bxf7+ Kf8 18. Bf4 Qf6 19. Ne4 Qxf7 20. Bxb8 1-0